000 00249nam a22000857a 4500
008 150803b xxu||||| |||| 00| 0 eng d
100 _aKelsey, Douglas A.
245 _aPostal History Seminar book
260 _aTucson, AZ
_bThe Postal History Foundation
_c1991
999 _c1677
_d1677